000 00854cam a2200253 a 4500
999 _c8453
_d8453
020 _a9781455707621 (pbk. : alk. paper)
035 _a(DNLM)101586772
042 _apcc
060 1 0 _aWY 106
082 0 0 _a610.7343
_223
_bCOM
100 _aMaurer, Frances A. (ed)
245 0 0 _aCommunity/public health nursing practice :
_bhealth for families and populations /
250 _a5th ed.
260 _aSt. Louis, Mo. :
_bElsevier/Saunders,
_cc2013.
300 _axviii, 870 p. :
_bcol. ill., col. maps ;
_c28 cm.
504 _aIncludes bibliographical references and index.
650 1 2 _aNursing
_vCommunity Health Nursing
650 2 2 _aPublic Health Nursing
700 1 _aMaurer, Frances A.
700 1 _aSmith, Claudia M.
906 _a7
_bcbc
_corignew
_d1
_eecip
_f20
_gy-gencatlg
942 _2ddc
_cBK